Prognóza základních směrů VTR v palivo-energetickém komplexu

Na minha lista:
Detalhes bibliográficos
Autor principal: Halatová, Jana
Outros Autores: Nová, Drahuše, Štefek, Zdeněk
Formato: Livro
Idioma:tcheco
Publicado em: Praha Ústředí vědeckých, technických a ekonomických informací 1990
Tags: Adicionar Tag
Sem tags, seja o primeiro a adicionar uma tag!

MARC

LEADER 00000nam a2200000 4500
001 c032510
005 20251204074920.9
041 0 |a cze 
044 |a CZ 
245 1 0 |a Prognóza základních směrů VTR v palivo-energetickém komplexu  |c Jana Halatová, Drahuše Nová, Zdeněk Štefek 
264 1 |a Praha  |b Ústředí vědeckých, technických a ekonomických informací  |c 1990 
300 |a 106 s. 
100 1 |a Halatová, Jana 
700 1 |a Nová, Drahuše 
700 1 |a Štefek, Zdeněk